| 000 | 00899nam a2200181Ia 4500 | ||
|---|---|---|---|
| 008 | 100921s9999 xx 000 0 und d | ||
| 082 |
_b3697 _a922 थ 63 |
||
| 100 | _a--- | ||
| 245 | _aस्वामी विवेकानंद शतवार्षिक जयंती स्मारक ग्रंथ. | ||
| 260 |
_bश्रीरामकृष्ण आश्रम,नागपूर. _c1963 |
||
| 300 |
_a525 _b--- |
||
| 365 | _b9 | ||
| 520 | _aचरित्रे-धर्मनेते,संत. | ||
| 630 | _aस्वामी विवेकानंद शतवार्षिक जयंती स्मारक ग्रंथ. | ||
| 650 | _aचरित्रे-धर्मनेते,संत. | ||
| 730 | _aस्वामी विवेकानंद शतवार्षिक जयंती स्मारक ग्रंथ. | ||
| 942 | _cBOOK | ||
| 999 |
_c752810 _d752807 |
||